| 000 | 00742nam a2200217Ia 4500 | ||
|---|---|---|---|
| 001 | 12260 | ||
| 003 | GE_BSU | ||
| 008 | 181216s||||||||xx |||||||||||||| ||und|| | ||
| 040 | _cGE_BSU | ||
| 080 | _a339.924 | ||
| 100 | _aJohnston, j. | ||
| 245 | _aInternational Leadership in Cross-Cultural Environments | ||
| 245 | 4 | _bThe relatioship Between national Culture and corporate culture as it Pertains to Work ethic and corporations | |
| 260 | _bCapella university | ||
| 260 | _c2008 | ||
| 300 | _a120p.25cm. | ||
| 541 | _h151Gel. | ||
| 653 | _aInternational Leadership in Cross-Cultural Environments: | ||
| 653 | _athe relatioship Between national Culture and corporate culture as it Pertains to Work ethic and corporations | ||
| 942 | _cBK | ||
| 999 |
_c45436 _d45436 |
||